Architettura rurale in Puglia : le masserie /
Saved in:
| Main Author: | |
|---|---|
| Format: | Book |
| Language: | Italian |
| Published: |
Fasano di Puglia (Brindisi) :
Schena,
2003.
|
| Subjects: | |
| Tags: |
Add Tag
No Tags, Be the first to tag this record!
|
| LEADER | 01057nam a2200289Ka 4500 | ||
|---|---|---|---|
| 001 | 010957985-2 | ||
| 005 | 20070901144431.0 | ||
| 008 | 040119s2003 it a 001 0 ita d | ||
| 020 | |a 887514303X : |c 38.00 EUR. | ||
| 035 | 0 | |a ocm54051190 | |
| 040 | |a ItFiC |b eng |c ItFiC | ||
| 043 | |a e-it--- | ||
| 050 | 0 | 0 | |a NA8210.I7 |b C35 2003 |
| 100 | 1 | |a Calderazzi, Antonella. | |
| 245 | 1 | 0 | |a Architettura rurale in Puglia : |b le masserie / |c Antonella Calderazzi. |
| 246 | 3 | 0 | |a Masserie |
| 260 | |a Fasano di Puglia (Brindisi) : |b Schena, |c 2003. | ||
| 300 | |a 252 p. : |b ill. (some col.) ; |c 31 cm. | ||
| 504 | |a Includes bibliographical references and index. | ||
| 650 | 0 | |a Vernacular architecture |z Italy |z Puglia. | |
| 650 | 0 | |a Farmhouses |z Italy |z Puglia. | |
| 651 | 0 | |a Puglia (Italy) |x Buildings, structures, etc. | |
| 651 | 0 | |a Puglia (Italy) |x Rural conditions. | |
| 655 | 7 | |a History. |2 fast | |
| 776 | 0 | 8 | |i Online version: |a Calderazzi, Antonella. |t Architettura rurale in Puglia. |d Fasano, Brindisi [Italy] : Schena, [2003] |w (OCoLC)989087354 |
| 988 | |a 20070831 | ||
| 906 | |0 VEN | ||


